000 01192nam a2200325 i 4500
001 000021107
003 DO-SdBNP
005 20240108090045.0
007 ta
008 100831s2004 dr r 000 0 spa d
020 _a9993430641
040 _aDO-SdBNP
_bspa
_cBNPHU
_erda
082 _a972.9300497
_bG215c
_222
100 1 _aGarcía Brens, Lilliam de
_944134
_eautor
245 1 0 _aCultural indígena y educación natural /
_cLilliam García de Brens.
264 _aSanto Domingo :
_bBanco Central de la República Dominicana,
_c2004.
300 _a222 p. ;
_c23 cm.
490 1 _aBanco Central de la República Dominicana
_v67
490 1 _aCiencias sociales
_v14
500 _aIncluye datos biográficos de la autora en la solapa de la cubierta
500 _aIncluye referencias bibliográficas y notas al pie de las páginas
504 _aBibliografía : p. 201-213
590 _aInventariado, 2024 / DG
650 4 _aCulturas indígenas
_91857
650 4 _aIndígenas
_xEducación
_944135
650 4 _aIndígenas
_zRepública Dominicana
_944136
830 0 _aBanco Central de la República Dominicana
_n67
_pCiencias sociales
_n14
_944137
910 _aDG
942 _2ddc
_cLBS1
999 _c20609
_d20609